Top 10 most important and famous people from the rest of Europe - Statistics

General Stats
  • This quiz has been taken 55 times
  • The average score is 6 of 10
Answer Stats
Hint Answer % Correct
Actress who, after starring in several significant films in the early 1950s, became Princess of Monaco. Winner of Academy Award in 1955 Grace Kelly
88%
Icelandic female singer, It's Oh So Quiet, Army of Me and Hyperballad Björk
81%
Icelandic, the first European to have set foot on continental North America, approximately half a millennium before Christopher Columbus Leif Erikson
79%
Prince of Monaco from 2005 Albert II
77%
Prince of Monaco from 1949 to his death in 2005 Rainier III
70%
President of Belarus from 1994 Alexander Lukashenko
65%
Monegasque Formula 1 driver who raced with Sauber and Ferrari Charles Leclerc
47%
Luxembourgish president of the European Commission from 2014 to 2019 Jean-Claude Juncker
42%
Icelandic writer and winner of Nobel Prize in Literature in 1955 Halldór Laxness
23%
Luxembourgish photographer and painter, one of the most prolific and influential figures in the history of photography Edward Steichen
14%
No matching quizzes found
Score Distribution
Percent of People with Each Score
Percentile by Number Answered
Your Score History
You have not taken this quiz